000 00735nam a2200265Ia 4500
003 OSt
005 20221007105509.0
006 a|||||r|||| 00| 0
007 ta
008 221006b |||||||| |||| 00| 0 eng d
024 _a18,735
037 _cTextual
040 _aLCO
_cLCO
_beng
041 _2eng
_aeng
082 _aZ2,211,3, L0
100 _aParks John A
_9123805
245 0 _aPrinciples and Practice of Valuations
_b Land and House
250 _a4th
260 _aCalcutta
_bEastern Law House India
_c1970
300 _a319
650 _aVALUATION
_9701602
700 _a Chatterjee V.P
_9706691
942 _hZ2,211,3, L0
_cTEXL
999 _c1188298
_d1188298